MARC details
| 000 -CABECERA |
| campo de control de longitud fija |
01047nam a22002057a 4500 |
| 003 - IDENTIFICADOR DEL NÚMERO DE CONTROL |
| campo de control |
OSt |
| 005 - FECHA Y HORA DE LA ÚLTIMA TRANSACCIÓN |
| campo de control |
20201202084418.0 |
| 008 - DATOS DE LONGITUD FIJA--INFORMACIÓN GENERAL |
| campo de control de longitud fija |
201202b 1966 sp ac00| 0 eng d |
| 040 ## - FUENTE DE LA CATALOGACIÓN |
| Centro catalogador/agencia de origen |
DO-SdBNP |
| Lengua de catalogación |
spa |
| Centro/agencia transcriptor |
BNPHU |
| 082 ## - NÚMERO DE LA CLASIFICACIÓN DECIMAL DEWEY |
| Número de clasificación |
929 |
| Número de documento/Ítem |
H675A |
| 100 1# - ENTRADA PRINCIPAL--NOMBRE DE PERSONA |
| Nombre de persona |
Gisevius, Hans Bernd |
| 9 (RLIN) |
77478 |
| 245 10 - MENCIÓN DE TÍTULO |
| Título |
Adolf Hitler / |
| Mención de responsabilidad, etc. |
Hans Bernd Gisevius ; traducción de Manuel Vazquez. |
| 260 ## - PUBLICACIÓN, DISTRIBUCIÓN, ETC. |
| Lugar de publicación, distribución, etc. |
Buenos Aires : |
| Nombre del editor, distribuidor, etc. |
Plaza y Janes, |
| 300 ## - DESCRIPCIÓN FÍSICA |
| Extensión |
685 p. : |
| Otras características físicas |
il., |
| Dimensiones |
22 cm. |
| 505 ## - NOTA DE CONTENIDO CON FORMATO |
| Título |
El visionario de su propio futuro -- |
| -- |
El transgresor -- |
| -- |
El legalista. (Berlín, 30 de enero de 1933) -- |
| -- |
El legalista. (Berlín, 2 de agosto de 1934) -- |
| -- |
El liquidador. (Viena, 13 de marzo de 1938) -- |
| -- |
El triunfador (Compiegne, 22 de junio de 1940) -- |
| -- |
El usurpador. (Cuartel General de Fühner, 22 de junio de 1941) -- |
| -- |
El fracasado. (Stalingrado, 2 de febrero de 1943) -- |
| -- |
El peregrino sin rumbo. (Berlín, 30 de abril de 1945). |
| 590 ## - NOTA LOCAL (RLIN) |
| Nota local |
Inventariado, 2020 /LP<br/><br/> |
| 600 14 - PUNTO DE ACCESO ADICIONAL DE MATERIA--NOMBRE DE PERSONA |
| Nombre de persona |
Hitler, Adolf |
| Fechas asociadas al nombre |
1889-1945 |
| Subdivisión de forma |
Biografías |
| 9 (RLIN) |
77479 |
| 700 1# - PUNTO DE ACCESO ADICIONAL--NOMBRE DE PERSONA |
| Nombre de persona |
Vazquez, Manuel |
| Término indicativo de función/relación |
tr. |
| 9 (RLIN) |
53537 |
| 942 ## - ELEMENTOS DE PUNTO DE ACCESO ADICIONAL (KOHA) |
| Fuente del sistema de clasificación o colocación |
Dewey Decimal Classification |
| Tipo de ítem Koha |
Libro |